Supercritical carbon dioxide extraction of terpenes from cold-pressed valencia orange oil /

Guardado en:
Otros Autores: Temelli, Feral. (Disertante)
Formato: Manuscrito
Idioma:English
Publicado: 1987.
Materias:
Etiquetas: Agregar Etiqueta
Sin Etiquetas, Sea el primero en etiquetar este registro!
LEADER 00896ntm a22002295a 4500
001 EIQ.libpla003300
008 071121s1987####xxua#####bm###000#0#eng#d
005 20071121183718.0
245 1 0 |a Supercritical carbon dioxide extraction of terpenes from cold-pressed valencia orange oil /  |c by Feral Temelli. 
260 |c 1987. 
300 |a ix, 136 p. :  |b il., tablas, figuras ;  |c 21 cm. 
502 |a Tesis (doctorado)-- University of Florida, 1987. 
500 |a Director de tesis: Dr. Robert J. Braddock. 
504 |a Incluye referencias bibliográficas. 
100 1 |a Temelli, Feral.  |4 dis 
710 2 |a University of Florida  |4 dgg. 
650 4 |a Termodinámica  |x Tesis. 
650 4 |a Termodinámica  |x Fluídos supercríticos. 
650 4 |a Thermodynamics  |x Thesis. 
650 4 |a Thermodynamics  |x Supercritical fluids. 
040 |a AR-BbSID  |b spa  |c AR-BbSID 
859 |a AR-BbSID  |b BIB. PLAPIQUI  |h 541.363  |i T 24  |p 4121